|
|
|
|
| LEADER |
00000nam0a2200000 4500 |
| 001 |
319815 |
| 005 |
20231102003222.0 |
| 010 |
|
|
|a 9785394018633
|
| 035 |
|
|
|a (RuTPU)RU\TPU\book\345325
|
| 090 |
|
|
|a 319815
|
| 100 |
|
|
|a 20160610d2017 m y0rusy50 ca
|
| 101 |
0 |
|
|a rus
|
| 102 |
|
|
|a RU
|
| 105 |
|
|
|a y z 000zy
|
| 200 |
1 |
|
|a Техническое обеспечение безопасности бизнеса
|f А. П. Алешин
|
| 205 |
|
|
|a 2-е изд.
|
| 210 |
|
|
|a Москва
|c Дашков и К
|d 2017
|
| 215 |
|
|
|a 160 с.
|
| 330 |
|
|
|a В книге рассматриваются различные аспекты использования современных технических средств в охране административных зданий, промышленных объектов, проблемы идентификации личности а также вопросы защиты информации и т. п.Для широкого круга лиц, связанных с бизнесом, — от директоров крупных и малых предприятий до охранников, а также для частных детективов и работников правоохранительных органов.
|
| 606 |
1 |
|
|a Предприятия
|x Безопасность
|2 stltpush
|3 (RuTPU)RU\TPU\subj\36694
|9 57986
|
| 610 |
1 |
|
|a бизнес
|
| 610 |
1 |
|
|a системы безопасности
|
| 610 |
1 |
|
|a технические средства
|
| 610 |
1 |
|
|a охранная сигнализация
|
| 610 |
1 |
|
|a пожарная безопасность
|
| 610 |
1 |
|
|a видеоконтроль
|
| 610 |
1 |
|
|a видеонаблюдение
|
| 610 |
1 |
|
|a системы контроля и управления доступом
|
| 610 |
1 |
|
|a СКУД
|
| 610 |
1 |
|
|a информация
|
| 610 |
1 |
|
|a защита
|
| 610 |
1 |
|
|a информационная безопасность
|
| 686 |
|
|
|a У9(2)29
|v LBC/SL-A
|2 rubbk
|
| 700 |
|
1 |
|a Алешин
|b А. П.
|g Александр Павлович
|
| 801 |
|
1 |
|a RU
|b 63413507
|c 20160610
|
| 801 |
|
2 |
|a RU
|b 63413507
|c 20160922
|g RCR
|
| 900 |
|
|
|a Защита информации и информационная безопасность
|
| 900 |
|
|
|a Защита информации в компьютерных системах и сетях
|
| 942 |
|
|
|c BK
|
| 959 |
|
|
|a 46/20160617
|d 1
|e 165,00
|f ЧЗГЛ:1
|